600 Famous Cities in Europe on a Map - Statistics

General Stats
  • This quiz has been taken 3,276 times
  • The average score is 229 of 605
Answers on the Map
Answers color-coded by a green-red scale on the quiz's map according to % correct below.
 
Answer Stats
Country or Territory Rarity Scores Population Answers % Correct
United Kingdom 76.52% 8908081 London
89%
Ireland 63.64% 554554 Dublin
88%
Norway 63.23% 580000 Oslo
87%
France 71.23% 2148271 Paris
86%
Denmark 57.92% 632340 Copenhagen
85%
Finland 58.25% 558457 Helsinki
85%
Spain 68.51% 3223334 Madrid
85%
United Kingdom 55.59% 563561 Manchester
85%
Italy 68.12% 2860009 Rome
85%
Austria 60.17% 1888776 Vienna
85%
Netherlands 61.82% 741636 Amsterdam
84%
Germany 69.74% 3769495 Berlin
84%
Belgium 57.02% 1211035 Brussels
84%
United Kingdom 49.48% 464990 Edinburgh
84%
Portugal 62.53% 517802 Lisbon
84%
Iceland 49.24% 118918 Reykjavik
84%
Sweden 60.71% 975904 Stockholm
84%
Greece 62.77% 664046 Athens
83%
Spain 63.69% 1620343 Barcelona
83%
United Kingdom 47.91% 591620 Glasgow
83%
Italy 57.22% 1404239 Milan
83%
United Kingdom 48.58% 864122 Liverpool
82%
Russia 68.14% 11747702 Moscow
82%
United Kingdom 41.3% 274770 Belfast
81%
Ukraine 59.05% 2950800 Kyiv
81%
Germany 58.75% 1471508 Munich
81%
Italy 49.91% 959470 Naples
81%
Hungary 56.14% 1752286 Budapest
80%
France 48.1% 794811 Marseille
80%
Czechia 57.64% 1324277 Prague
80%
Russia 59.56% 4879566 Saint Petersburg
80%
Bulgaria 49.56% 1238438 Sofia
80%
Italy 51.89% 258685 Venice
80%
Poland 63.28% 1790658 Warsaw
80%
Switzerland 48.3% 121631 Bern
79%
Romania 51.9% 2151665 Bucharest
79%
Germany 52.53% 1899160 Hamburg
79%
Portugal 47.56% 249633 Porto
79%
Latvia 47.54% 742572 Riga
79%
Netherlands 41.9% 598199 Rotterdam
79%
Croatia 62.01% 698966 Zagreb
79%
United Kingdom 39.29% 1223000 Birmingham
78%
Belarus 49.68% 2020600 Minsk
78%
France 45.08% 338620 Nice
78%
Albania 37.16% 374801 Tirana
78%
Ireland 29.67% 190384 Cork
77%
Turkey 50.64% 15214177 Istanbul
77%
France 47.39% 472317 Lyon
77%
Bosnia and Herzegovina 41.5% 696731 Sarajevo
77%
Estonia 45.04% 394024 Tallinn
77%
Switzerland 45.4% 341730 Zurich
77%
United Kingdom 35.26% 447287 Cardiff
76%
Germany 47.76% 650000 Frankfurt am Main
76%
Monaco 45.78% 32965 Monaco
76%
Italy 39.68% 870456 Turin
76%
Italy 39.03% 349296 Florence
75%
Lithuania 41.61% 542366 Vilnius
75%
Serbia 45.65% 1397939 Belgrade
74%
Germany 43.87% 1085664 Cologne
74%
Switzerland 38.96% 183981 Geneva
74%
United Kingdom 29.42% 455123 Leeds
74%
Luxembourg 45.6% 76684 Luxembourg
74%
Spain 40.36% 814208 Valencia
74%
Belgium 30.16% 459805 Antwerp
73%
France 37.69% 231844 Bordeaux
73%
Sweden 34.3% 301706 Malmo
73%
Italy 35.14% 648260 Palermo
73%
Spain 40.95% 703206 Seville
73%
Poland 43.94% 755050 Krakow
72%
United Kingdom 27.67% 192382 Newcastle upon Tyne
72%
Austria 31.97% 153377 Salzburg
72%
Slovakia 41.05% 423737 Bratislava
71%
Netherlands 35.31% 474292 The Hague
71%
Malta 19.42% 6794 Valletta
71%
United Kingdom 22.78% 196670 Aberdeen
70%
Andorra 39.32% 20430 Andorra la Vella
70%
Poland 36.57% 461865 Gdansk
70%
North Macedonia 33.62% 474889 Skopje
70%
Norway 27.88% 213585 Bergen
69%
Sweden 28.46% 572799 Gothenburg
69%
France 28.55% 228328 Lille
69%
Greece 29.98% 354290 Thessaloniki
69%
Spain 31.65% 354860 Bilbao
68%
Germany 32.22% 573057 Dusseldorf
68%
Italy 32.09% 580223 Genoa
68%
Ukraine 27.81% 1011494 Odessa
68%
France 33.33% 274845 Strasbourg
68%
France 30.6% 433055 Toulouse
68%
Germany 32.57% 486854 Dresden
67%
Slovenia 33.36% 272220 Ljubljana
67%
United Kingdom 28.5% 171380 Oxford
67%
Croatia 24.22% 176314 Split
67%
United Kingdom 26.69% 617280 Bristol
66%
Moldova 29.66% 635994 Chisinau
66%
Germany 31.84% 589793 Stuttgart
66%
Montenegro 25.55% 136473 Podgorica
65%
Kosovo 26.12% 204721 Pristina
65%
United Kingdom 25.2% 158434 Cambridge
64%
Germany 28.99% 499237 Nuremberg
64%
United Kingdom 22.44% 246201 Southampton
64%
Liechtenstein 25.75% 5197 Vaduz
64%
Vatican City 37.13% 829 Vatican City
64%
Italy 26.25% 366133 Bologna
63%
Belgium 22.09% 116709 Bruges
63%
Germany 31.82% 504971 Leipzig
63%
United Kingdom 20.67% 685368 Sheffield
63%
France 22.65% 74433 Calais
62%
Spain 26.99% 568305 Malaga
62%
Spain 22.26% 401270 Palma
62%
Italy 20.36% 277387 Bari
61%
United Kingdom 18.13% 329200 Nottingham
61%
San Marino 32.44% 4500 San Marino
61%
United Kingdom 29.37% 153717 York
61%
Switzerland 19.31% 164488 Basel
60%
Germany 31.23% 546501 Bremen
60%
United Kingdom 23.88% 139001 Brighton
60%
Germany 34.26% 588462 Dortmund
60%
Austria 20.82% 132493 Innsbruck
60%
France 26.93% 277269 Nantes
60%
United Kingdom 20.52% 260203 Plymouth
60%
United Kingdom 20.07% 300352 Swansea
60%
Belarus 28.0% 300715 Brest
59%
France 13.49% 144899 Brest
59%
United Kingdom 15.56% 83652 Derry
59%
Croatia 20.56% 28428 Dubrovnik
59%
Austria 20.93% 222326 Graz
59%
Ukraine 18.86% 1451132 Kharkiv
59%
United Kingdom 21.39% 508916 Leicester
59%
Ukraine 23.71% 717803 Lviv
59%
Italy 20.2% 219103 Verona
59%
Denmark 16.69% 237551 Aarhus
58%
Ukraine 24.58% 929063 Donetsk
58%
Belgium 19.9% 231493 Ghent
58%
Germany 29.05% 515140 Hannover
58%
Russia 29.58% 431902 Kaliningrad
58%
Italy 23.42% 77007 Pisa
58%
United Kingdom 20.65% 41709 Dover
57%
Germany 22.5% 593085 Essen
57%
United Kingdom 14.16% 46870 Inverness
57%
Germany 22.23% 313125 Bonn
56%
Czechia 23.21% 369559 Brno
56%
Gibraltar 23.79% 26544 Gibraltar
56%
Italy 19.56% 187056 Trieste
56%
Spain 23.33% 674317 Zaragoza
56%
Spain 24.37% 234325 Granada
55%
Ireland 12.35% 90054 Limerick
55%
United Kingdom 12.9% 147710 Dundee
54%
Poland 21.59% 768755 Lodz
54%
France 21.18% 248252 Montpellier
54%
United Kingdom 18.56% 213166 Norwich
54%
Norway 18.33% 147139 Trondheim
54%
Netherlands 18.29% 290529 Utrecht
54%
Italy 18.22% 149257 Cagliari
53%
Ireland 14.58% 70686 Galway
53%
Spain 19.64% 48684 Ibiza
53%
United Kingdom 14.07% 314018 Kingston upon Hull
52%
Belgium 18.15% 182597 Liege
52%
United Kingdom 17.02% 194150 Portsmouth
52%
France 16.63% 70011 Cannes
51%
Netherlands 16.79% 209620 Eindhoven
51%
Greece 12.2% 137154 Heraklion
51%
Austria 14.89% 204846 Linz
51%
France 18.59% 209375 Rennes
51%
Ukraine 23.44% 416263 Sevastopol
51%
Russia 21.24% 343334 Sochi
51%
Poland 22.58% 634893 Wroclaw
51%
France 14.65% 54364 Ajaccio
50%
France 16.89% 149782 Dijon
50%
Germany 21.38% 232758 Kiel
50%
Germany 17.33% 265208 Aachen
49%
United Kingdom 13.19% 94782 Bath
49%
Italy 14.01% 290927 Catania
49%
Switzerland 11.89% 116751 Lausanne
49%
Russia 32.14% 1021215 Volgograd
49%
France 18.73% 71287 Dunkirk
48%
Russia 16.34% 1250619 Nizhny Novgorod
48%
Italy 16.49% 146299 Parma
48%
Russia 20.6% 1089261 Rostov-on-Don
48%
Romania 16.09% 316748 Cluj-Napoca
47%
Germany 12.67% 307960 Mannheim
47%
Spain 14.22% 246056 A Coruna
46%
Spain 13.05% 334757 Alicante
46%
United Kingdom 11.92% 239409 Blackpool
46%
Spain 15.93% 328428 Cordoba
46%
Poland 19.14% 317316 Katowice
46%
Russia 20.54% 1143535 Kazan
46%
Spain 9.41% 381847 Las Palmas
46%
France 13.29% 185972 Le Havre
46%
France 14.93% 196565 Reims
46%
Poland 18.03% 407811 Szczecin
46%
Ukraine 13.45% 998103 Dnipro
45%
Netherlands 15.39% 181194 Groningen
45%
Lithuania 15.64% 374643 Kaunas
45%
Spain 14.73% 436870 Murcia
45%
Serbia 13.13% 215400 Novi Sad
45%
Finland 11.17% 202687 Tampere
45%
Sweden 12.47% 149245 Uppsala
45%
Bulgaria 15.11% 312770 Varna
45%
Denmark 11.8% 122219 Aalborg
44%
United Kingdom 8.65% 359262 Coventry
44%
Portugal 11.53% 41355 Faro
44%
Russia 0.0% 307257 Murmansk
44%
Spain 13.3% 126766 Cadiz
43%
France 11.96% 158552 Grenoble
43%
United Kingdom 9.65% 178835 Ipswich
43%
United Kingdom 9.53% 215963 Northampton
43%
Germany 15.4% 145292 Potsdam
43%
Poland 21.55% 570352 Poznan
43%
Italy 10.44% 97472 Syracuse
43%
Norway 14.31% 52436 Tromso
43%
Finland 15.18% 175945 Turku
43%
France 15.37% 85416 Versailles
43%
France 9.75% 89769 Avignon
42%
United Kingdom 10.55% 163600 Bournemouth
42%
Spain 16.49% 78674 Ceuta
42%
Spain 13.74% 185357 Donostia / San Sebastian
42%
United Kingdom 11.23% 117763 Exeter
42%
Bulgaria 12.14% 340494 Plovdiv
42%
Germany 10.79% 331906 Bielefeld
41%
Belgium 8.23% 200132 Charleroi
41%
United Kingdom 10.49% 270468 Derby
41%
Germany 16.78% 184997 Mainz
41%
Ukraine 6.29% 481626 Mariupol
41%
France 9.57% 112787 Rouen
41%
United Kingdom 11.24% 252791 Wolverhampton
41%
Germany 16.93% 259196 Augsburg
40%
Portugal 12.32% 121394 Braga
40%
Germany 13.89% 215966 Freiburg
40%
Ukraine 10.96% 452000 Luhansk
40%
Netherlands 12.28% 122378 Maastricht
40%
Italy 10.42% 219948 Messina
40%
France 12.14% 105334 Nancy
40%
Denmark 10.93% 145931 Odense
40%
France 16.77% 124149 Orleans
40%
Finland 11.14% 128618 Oulu
40%
Italy 10.17% 203725 Padua
40%
Spain 10.84% 198491 Pamplona
40%
Greece 12.27% 56128 Rhodes
40%
United Kingdom 9.19% 372775 Stoke-on-Trent
40%
United Kingdom 10.56% 335415 Sunderland
40%
Spain 15.22% 82291 Toledo
40%
France 9.27% 168701 Toulon
40%
Spain 12.99% 297332 Vigo
40%
Czechia 11.6% 164180 Plzen
39%
Germany 12.45% 181227 Saarbrucken
39%
Italy 13.08% 114162 Bergamo
38%
France 14.16% 110624 Caen
38%
France 14.09% 123914 Metz
38%
United Kingdom 10.32% 318014 Reading
38%
Germany 15.92% 198293 Rostock
38%
Norway 9.47% 121610 Stavanger
38%
Ireland 5.99% 47904 Waterford
38%
United Kingdom 7.29% 299310 Bradford
37%
Italy 7.15% 81975 Como
37%
Hungary 9.29% 204124 Debrecen
37%
Albania 7.5% 122034 Durres
37%
Germany 13.23% 212207 Lubeck
37%
Switzerland 10.17% 57066 Lucerne
37%
Spain 12.52% 73460 Melilla
37%
Germany 13.79% 270184 Munster
37%
Russia 14.09% 1062319 Ufa
37%
Spain 11.75% 317864 Valladolid
37%
Germany 12.03% 504358 Duisburg
36%
Finland 6.42% 256760 Espoo
36%
Spain 10.68% 96188 Girona
36%
United Kingdom 7.02% 150053 Gloucester
36%
United Kingdom 7.14% 258018 Luton
36%
Italy 8.49% 158886 Modena
36%
Czechia 10.22% 313088 Ostrava
36%
Russia 15.22% 991162 Perm
36%
Russia 15.04% 1164685 Samara
36%
Moldova 7.95% 157000 Tiraspol
36%
France 11.18% 141621 Tours
36%
United Kingdom 10.1% 90524 Chester
35%
Isle of Man 4.91% 26218 Douglas
35%
Slovakia 11.51% 236563 Kosice
35%
United Kingdom 7.81% 114879 Lincoln
35%
United Kingdom 7.12% 142707 Middlesbrough
35%
Bosnia and Herzegovina 8.39% 104518 Mostar
35%
Spain 10.08% 182700 Santander
35%
Spain 14.04% 95092 Santiago de Compostela
35%
Germany 13.07% 120451 Ulm
35%
United Kingdom 8.42% 55240 Canterbury
34%
Russia 13.86% 744995 Krasnodar
34%
Germany 12.35% 229826 Magdeburg
34%
Slovenia 9.49% 95171 Maribor
34%
Serbia 9.56% 250000 Nis
34%
Greece 19.78% 16239 Sparta
34%
Romania 10.34% 315053 Timisoara
34%
Italy 10.17% 80425 Trento
34%
Romania 9.54% 303399 Constanta
33%
Portugal 4.79% 100847 Funchal
33%
Germany 8.57% 143345 Heidelberg
33%
Germany 10.27% 283799 Karlsruhe
33%
Poland 15.22% 360044 Lublin
33%
United Kingdom 7.81% 306844 Newport
33%
Croatia 10.18% 141172 Rijeka
33%
Italy 9.78% 42867 Siena
33%
Germany 14.09% 123064 Wolfsburg
33%
United Kingdom 6.57% 101659 Worcester
33%
Russia 11.0% 348783 Arkhangelsk
32%
Italy 7.86% 184826 Brescia
32%
France 8.97% 144515 Le Mans
32%
Italy 6.65% 80868 Ravenna
32%
Italy 8.51% 118673 Rimini
32%
Bosnia and Herzegovina 7.5% 221106 Banja Luka
31%
Poland 8.03% 366452 Bydgoszcz
31%
Portugal 8.12% 106582 Coimbra
31%
Spain 8.12% 277554 Gijon
31%
Belarus 7.27% 480951 Gomel
31%
France 8.79% 148236 Nimes
31%
United Kingdom 8.27% 47180 Perth
31%
Italy 6.71% 169140 Reggio Calabria
31%
Italy 4.29% 133296 Reggio nell'Emilia
31%
France 9.59% 176280 Saint-Etienne
31%
Italy 7.39% 181082 Taranto
31%
France 9.07% 143086 Amiens
30%
United Kingdom 5.72% 146521 Blackburn
30%
Germany 7.7% 385729 Bochum
30%
Netherlands 6.62% 147590 Haarlem
30%
Spain 13.09% 134305 Leon
30%
Switzerland 7.89% 63000 Lugano
30%
France 7.75% 110706 Perpignan
30%
Italy 7.86% 97761 Udine
30%
Germany 6.75% 360797 Wuppertal
30%
France 5.62% 146821 Aix-en-Provence
29%
Germany 7.38% 117446 Bremerhaven
29%
Bulgaria 8.37% 195966 Burgas
29%
United Kingdom 6.47% 78470 Carlisle
29%
France 7.61% 138681 Clermont-Ferrand
29%
Germany 9.93% 203254 Erfurt
29%
Poland 13.3% 253730 Gdynia
29%
Russia 9.56% 271573 Grozny
29%
Romania 8.23% 318012 Iasi
29%
Spain 9.39% 155619 Salamanca
29%
Italy 6.82% 125797 Salerno
29%
United Kingdom 4.95% 295310 Southend-on-Sea
29%
Estonia 9.9% 101092 Tartu
29%
Faroe Islands 5.9% 13200 Torshavn
29%
Germany 8.72% 100129 Trier
29%
Croatia 10.05% 71258 Zadar
29%
France 8.43% 168279 Angers
28%
United Kingdom 5.77% 141331 Bolton
28%
Germany 7.76% 247220 Chemnitz
28%
United Kingdom 5.28% 121859 Colchester
28%
Greece 9.15% 27003 Corfu
28%
Turkey 8.94% 126470 Edirne
28%
Germany 8.99% 270028 Gelsenkirchen
28%
Lithuania 11.02% 192307 Klaipeda
28%
Italy 8.07% 80695 Lecce
28%
Germany 9.18% 162738 Leverkusen
28%
Norway 6.43% 19096 Lillehammer
28%
France 7.61% 141176 Limoges
28%
Italy 6.59% 153773 Livorno
28%
United Kingdom 5.29% 229941 Milton Keynes
28%
Germany 8.03% 261742 Monchengladbach
28%
Spain 8.05% 224005 Oviedo
28%
United Kingdom 5.51% 313332 Preston
28%
Croatia 9.15% 59078 Pula
28%
Germany 8.7% 129151 Regensburg
28%
Netherlands 6.83% 167673 Breda
27%
Ukraine 3.64% 320477 Kherson
27%
Austria 7.6% 90610 Klagenfurt
27%
United Kingdom 7.1% 47162 Lancaster
27%
France 8.54% 76810 La Rochelle
27%
Italy 7.02% 81748 Lucca
27%
France 6.15% 111430 Mulhouse
27%
Greece 6.58% 168034 Patras
27%
United Kingdom 5.76% 163379 Peterborough
27%
Russia 0.0% 218717 Veliky Novgorod
27%
Sweden 5.34% 23402 Visby
27%
Russia 10.52% 889680 Voronezh
27%
Spain 8.31% 188810 Almeria
26%
Italy 6.87% 89994 Ancona
26%
Poland 10.75% 291855 Bialystok
26%
Germany 10.01% 244715 Braunschweig
26%
Latvia 5.93% 111564 Daugavpils
26%
Norway 6.49% 63814 Kristiansand
26%
Russia 8.55% 415159 Kursk
26%
Germany 7.05% 159218 Oldenburg
26%
Finland 6.44% 34781 Rovaniemi
26%
France 4.41% 96128 Saint-Denis
26%
Spain 9.17% 222417 Santa Cruz
26%
Switzerland 6.17% 70572 St. Gallen
26%
Ukraine 5.59% 796217 Zaporizhia
26%
Netherlands 7.65% 141674 Arnhem
25%
Russia 8.68% 520339 Astrakhan
25%
Norway 5.26% 34073 Bodo
25%
Italy 7.35% 99049 Bolzano
25%
Italy 4.26% 78548 Brindisi
25%
France 6.05% 26655 Cherbourg-Octeville
25%
United Kingdom 6.12% 47785 Durham
25%
Germany 7.75% 85838 Flensburg
25%
Belgium 7.84% 63666 Genk
25%
Germany 7.31% 234107 Halle
25%
Sweden 5.72% 104250 Helsingborg
25%
Germany 8.01% 120658 Ingolstadt
25%
Germany 7.34% 104712 Jena
25%
Spain 3.77% 207532 Jerez de la Frontera
25%
Germany 9.25% 194501 Kassel
25%
Svalbard 8.88% 2368 Longyearbyen
25%
Belgium 5.92% 106284 Namur
25%
Netherlands 6.21% 158732 Nijmegen
25%
Belgium 5.24% 69011 Ostend
25%
France 6.47% 82697 Pau
25%
Russia 0.0% 837900 Saratov
25%
Spain 7.19% 140323 Tarragona
25%
United Kingdom 7.84% 125707 Watford
25%
Germany 7.15% 272432 Wiesbaden
25%
Italy 4.86% 32295 Aosta
24%
France 7.03% 41001 Bastia
24%
Romania 6.3% 276088 Brasov
24%
Spain 7.09% 178966 Burgos
24%
Italy 5.63% 92802 Ferrara
24%
Sweden 5.95% 93797 Jonkoping
24%
Sweden 6.43% 106502 Linkoping
24%
Germany 6.77% 166462 Osnabruck
24%
Italy 5.06% 120137 Perugia
24%
Ukraine 6.55% 336460 Simferopol
24%
Russia 12.06% 326861 Smolensk
24%
Sweden 7.01% 83249 Umea
24%
United Kingdom 5.87% 46074 Winchester
24%
Netherlands 6.78% 94853 Alkmaar
23%
Germany 7.48% 59826 Brandenburg
23%
France 5.03% 49600 Carcassonne
23%
Spain 7.75% 167164 Getafe
23%
Germany 6.99% 107319 Koblenz
23%
Italy 5.42% 119618 Monza
23%
Hungary 7.27% 156649 Pecs
23%
Italy 5.59% 116596 Pescara
23%
Greece 5.77% 163688 Piraeus
23%
Italy 5.85% 23902 Pompei
23%
United Kingdom 5.13% 185609 Swindon
23%
Netherlands 5.13% 199613 Tilburg
23%
Spain 4.72% 235661 Vitoria-Gasteiz
23%
Russia 3.9% 356402 Belgorod
22%
Greece 7.64% 30176 Corinth
22%
Germany 6.61% 140385 Darmstadt
22%
Spain 5.15% 230112 Elche
22%
Hungary 6.96% 128265 Gyor
22%
Spain 5.53% 148806 Huelva
22%
Germany 6.76% 81275 Konstanz
22%
Finland 4.41% 98826 Lahti
22%
Greece 5.87% 144651 Larissa
22%
Belgium 4.83% 92892 Leuven
22%
Spain 5.54% 134623 Marbella
22%
Sweden 5.45% 93765 Norrkoping
22%
Italy 5.08% 91895 Sassari
22%
Russia 6.54% 345373 Vladimir
22%
Iceland 3.49% 17693 Akureyri
21%
Spain 5.61% 211996 Cartagena
21%
France 4.61% 65405 Colmar
21%
Belarus 6.45% 317365 Grodno
21%
Italy 6.06% 88491 La Spezia
21%
Russia 0.0% 548331 Orenburg
21%
Russia 0.0% 203279 Pskov
21%
Germany 7.77% 133731 Wurzburg
21%
Netherlands 6.39% 111805 Zwolle
21%
Spain 6.02% 148334 Badajoz
20%
Germany 9.14% 54239 Baden-Baden
20%
United Kingdom 5.85% 149422 Burnley
20%
Spain 4.35% 116557 Jaen
20%
France 5.16% 38265 Lens
20%
Sweden 6.02% 87244 Lund
20%
Sweden 5.17% 115765 Orebro
20%
Croatia 4.96% 88140 Osijek
20%
France 5.4% 85960 Poitiers
20%
Portugal 4.4% 117110 Setubal
20%
Hungary 5.65% 164883 Szeged
20%
Russia 7.42% 501169 Tula
20%
Belarus 4.69% 342700 Vitebsk
20%
Ukraine 5.61% 77003 Yalta
20%
France 4.36% 128426 Besancon
19%
Denmark 4.02% 72205 Esbjerg
19%
Sweden 5.94% 43574 Lulea
19%
Russia 0.0% 572076 Makhachkala
19%
Norway 6.49% 14114 Narvik
19%
Russia 0.0% 524927 Ryazan
19%
France 5.61% 60785 Troyes
19%
Finland 3.18% 190058 Vantaa
19%
Russia 7.95% 591486 Yaroslavl
19%
Spain 4.74% 169716 Albacete
18%
Spain 5.23% 71034 Benidorm
18%
Russia 4.7% 415721 Bryansk
18%
Sweden 5.63% 38408 Kalmar
18%
Ukraine 4.28% 652380 Kryvyi Rih
18%
Czechia 4.33% 97770 Liberec
18%
Belgium 6.02% 91277 Mons
18%
Ukraine 4.2% 510840 Mykolaiv
18%
Czechia 4.47% 101268 Olomouc
18%
Russia 5.13% 719632 Tolyatti
18%
Russia 6.79% 403606 Tver
18%
Spain 3.84% 51205 Villarreal
18%
France 4.38% 44396 Bayonne
17%
Greece 7.21% 53910 Chania
17%
Romania 4.74% 304142 Craiova
17%
Ukraine 4.51% 148932 Kerch
17%
France 4.3% 50676 Saint-Malo
17%
Ukraine 2.48% 294456 Sumy
17%
Poland 6.98% 208717 Torun
17%
France 4.55% 41516 Auxerre
16%
United Kingdom 6.67% 41340 Boston
16%
Ukraine 3.49% 307684 Chernihiv
16%
Poland 5.52% 248125 Czestochowa
16%
Romania 3.72% 294087 Galati
16%
Czechia 5.56% 51807 Karlovy Vary
16%
Finland 3.18% 89104 Kuopio
16%
Spain 4.21% 135919 Lleida
16%
France 4.59% 58112 Lorient
16%
Italy 4.29% 39260 Mantova
16%
Åland Islands 2.79% 10682 Mariehamn
16%
Belarus 3.42% 369200 Mogilev
16%
Russia 0.0% 517311 Penza
16%
Ukraine 5.42% 317847 Poltava
16%
Russia 3.3% 398539 Stavropol
16%
Finland 5.54% 57014 Vaasa
16%
France 7.31% 27019 Vichy
16%
Spain 4.11% 180005 Castellon de la Plana
15%
Spain 6.45% 52059 Huesca
15%
Ukraine 2.78% 204200 Ivano-Frankivsk
15%
Finland 2.86% 85026 Jyvaskyla
15%
Poland 6.19% 208598 Kielce
15%
Spain 4.45% 96678 Lugo
15%
Russia 0.0% 317747 Oryol
15%
Bulgaria 2.84% 156238 Ruse
15%
Jersey 1.8% 28000 Saint Helier
15%
Italy 3.97% 77604 Treviso
15%
Russia 4.47% 614786 Ulyanovsk
15%
Romania 3.66% 169065 Arad
14%
Greece 3.25% 65574 Ioannina
14%
Russia 3.16% 408330 Ivanovo
14%
Poland 6.5% 127676 Opole
14%
Poland 5.28% 226794 Radom
14%
Poland 6.06% 158382 Rzeszow
14%
France 6.79% 21798 Verdun
14%
Italy 5.99% 64178 Alessandria
13%
Moldova 2.6% 125000 Balti
13%
Spain 3.94% 83039 Guadalajara
13%
Russia 3.65% 627734 Izhevsk
13%
Russia 3.48% 324698 Kaluga
13%
Russia 3.99% 473695 Kirov
13%
Russia 3.6% 508887 Lipetsk
13%
Hungary 3.06% 172637 Miskolc
13%
Slovakia 3.95% 86329 Nitra
13%
Portugal 1.63% 20056 Ponta Delgada
13%
France 4.42% 63864 Valence
13%
Russia 6.94% 79962 Vyborg
13%
Slovakia 4.19% 85985 Zilina
13%
Belarus 2.8% 143919 Barysaw
12%
Spain 3.98% 74014 Ciudad Real
12%
Poland 6.03% 171803 Olsztyn
12%
Romania 3.29% 206614 Oradea
12%
Slovakia 2.83% 94718 Presov
12%
Ukraine 2.89% 255106 Rivne
12%
Romania 3.29% 151894 Sibiu
12%
Serbia 4.04% 100000 Subotica
12%
Russia 3.01% 311693 Vladikavkaz
12%
Russia 3.57% 301755 Vologda
12%
Italy 4.07% 48931 Benevento
11%
Ukraine 2.28% 297568 Cherkasy
11%
Ukraine 2.99% 213661 Lutsk
11%
Poland 8.21% 41143 Oswiecim
11%
Russia 0.0% 261987 Petrozavodsk
11%
Belarus 4.08% 130777 Pinsk
11%
Bulgaria 2.53% 118675 Pleven
11%
Guernsey 1.04% 16488 Saint Peter Port
11%
Poland 6.33% 40142 Sopot
11%
Russia 3.32% 310231 Tambov
11%
Ukraine 2.95% 235676 Ternopil
11%
Greece 3.88% 22026 Thebes
11%
Ukraine 2.71% 352115 Vinnytsia
11%
Poland 6.57% 27580 Zakopane
11%
Czechia 3.84% 96053 Ceske Budejovice
10%
Ukraine 2.71% 236250 Chernivtsi
10%
Russia 0.0% 241952 Novorossiysk
10%
Poland 5.28% 127474 Plock
10%
Turkey 2.29% 122287 Tekirdag
10%
Ukraine 3.39% 117878 Uzhhorod
10%
Ukraine 2.96% 282192 Zhytomyr
10%
Poland 5.38% 118433 Zielona Gora
10%
Romania 4.02% 136553 Baia Mare
9%
Russia 2.02% 453721 Cheboksary
9%
Russia 2.92% 119200 Derbent
9%
Spain 4.03% 27419 Eibar
9%
Russia 2.41% 268742 Kostroma
9%
Russia 0.0% 297415 Saransk
9%
Italy 4.14% 36926 Sassuolo
9%
Hungary 2.72% 57210 Sopron
9%
Russia 2.6% 103749 Elista
8%
Russia 2.79% 513193 Naberezhnye Chelny
8%
Russia 1.64% 257681 Taganrog
8%
Bulgaria 2.64% 66217 Veliko Tarnovo
8%
Russia 2.47% 82937 Azov
7%
Belarus 2.18% 220517 Babruysk
7%
Russia 1.71% 312310 Cherepovets
7%
Russia 2.19% 207425 Khimki
7%
Russia 0.0% 240203 Nalchik
7%
Russia 0.0% 187961 Podolsk
7%
Russia 2.01% 235006 Syktyvkar
7%
Ukraine 2.12% 68562 Feodosia
6%
Belarus 2.37% 82258 Polatsk
6%
Russia 1.71% 144249 Maykop
5%
Russia 1.75% 41705 Sovetsk
5%
Russia 1.93% 58990 Anapa
4%
Russia 0.0% 200771 Rybinsk
4%
No matching quizzes found
Score Distribution
Percent of People with Each Score
Percentile by Number Answered
Your Score History
You have not taken this quiz